000 00275nam a22001337a 4500
008 171020b xxu||||| |||| 00| 0 eng d
020 _a9780030926853
041 _aeng
080 _22ND
_a338
100 _a54
101 _aMIS
245 _aMOIS
_cGRAY,P
942 _2udc
_cBK
999 _c35136
_d35136